000 00451nam a22001817a 4500
005 20260225153120.0
008 260225b |||||||| |||| 00| 0 eng d
020 _a978-0-414-07150-6
100 _aMCGHEE, JOHN
245 _aSNELL'S EQUITY
250 _a34TH ED.
260 _aLONDON
_bTHOMSON REUTERS
_c2020
300 _aXX, 1163P.
500 _aINCLUDES INDEX
650 _aEQUITY - ENGLAND
700 _aELLIOTT, STEVEN
942 _2lcc
_cBK
999 _c216668
_d216668